5HLuxD.jpg

KING HENRY VIII SENIOR AND PRIMARY SCHOOL LIBRARY OPAC

Egypt / (Record no. 1840)

000 -LEADER
fixed length control field 01487cam a2200301 a 4500
001 - CONTROL NUMBER
control field 17523500
003 - CONTROL NUMBER IDENTIFIER
control field OSt
005 - DATE AND TIME OF LATEST TRANSACTION
control field 20230203080822.0
008 - FIXED-LENGTH DATA ELEMENTS--GENERAL INFORMATION
fixed length control field 121108s2015 mnu j b 001 0 eng
010 ## - LIBRARY OF CONGRESS CONTROL NUMBER
LC control number 2012042901
020 ## - INTERNATIONAL STANDARD BOOK NUMBER
International Standard Book Number 9781599209043 (library binding)
040 ## - CATALOGING SOURCE
Original cataloging agency DLC
Transcribing agency DLC
Modifying agency DLC
-- KH8
042 ## - AUTHENTICATION CODE
Authentication code pcc
043 ## - GEOGRAPHIC AREA CODE
Geographic area code f-ua---
082 00 - DEWEY DECIMAL CLASSIFICATION NUMBER
Classification number 962 POW
Edition number 23
100 1# - MAIN ENTRY--PERSONAL NAME
Personal name Powell, Jillian.
Relator term author
245 10 - TITLE STATEMENT
Title Egypt /
Statement of responsibility, etc. Jillian Powell.
260 ## - PUBLICATION, DISTRIBUTION, ETC.
Place of publication, distribution, etc. Mankato, MN :
Name of publisher, distributor, etc. Smart Apple Media,
Date of publication, distribution, etc. c2015.
300 ## - PHYSICAL DESCRIPTION
Extent 24 p. :
Other physical details col. ill., col. map ,
Dimensions 28 cm.
490 0# - SERIES STATEMENT
Series statement My country
504 ## - BIBLIOGRAPHY, ETC. NOTE
Bibliography, etc. note Includes bibliographical references (p. 23) and index.
505 0# - FORMATTED CONTENTS NOTE
Formatted contents note Egypt in the world -- People who live in Egypt -- Egypt's landscape -- The weather in Egypt -- At home with my family -- What we eat -- Going to school -- Festivals and celebrations -- Things to see -- Fast facts about Egypt.
520 ## - SUMMARY, ETC.
Summary, etc. "Hassan, a young boy from Egypt, introduces readers to his country's landscape, weather, foods, and festivals. Hassan also tells readers about his school, family life, and things to see in Egypt. Includes a page of facts about Egypt's population, geography, and culture"--
Assigning source Provided by publisher.
651 #0 - SUBJECT ADDED ENTRY--GEOGRAPHIC NAME
Geographic name Egypt
Form subdivision Juvenile literature.
906 ## - LOCAL DATA ELEMENT F, LDF (RLIN)
a 7
b cbc
c orignew
d 1
e ecip
f 20
g y-gencatlg
942 ## - ADDED ENTRY ELEMENTS (KOHA)
Source of classification or shelving scheme
Koha item type Books - Non Ficton
Holdings
Withdrawn status Lost status Source of classification or shelving scheme Damaged status Not for loan Collection code Permanent Location Current Location Shelving location Date acquired Total Checkouts Full call number Barcode Date last seen Date last checked out Price effective from Koha item type
          Non-Fiction KH8 Primary School Library KH8 Primary School Library Non Fiction 2023-02-03 10 962 POW KHPL000003589 2026-01-15 2026-01-08 2023-02-03 Books - Non Ficton

Powered By KH8 IT Dept